000 01098nam a22003137a 4500
005 20130403120935.0
010 _aENG-105363
020 _a9788124606148
_c480.00
020 _a8124606145
_c480.00
035 _aEN-88896
035 _aB-489954
037 _bDBAD/PUB
037 _bBSB/Ven
082 _a181.49
100 _aSribhashyam, T. K.
245 _aBlissful experience, bhakti :
_cby T.K. Sribhashyam [and] Alamelu Sheshadri
_bquintessence of Indian philosophy /
246 _aBhakti
260 _aNew Delhi
_bD.K. Printworld
_c2012
270 _a'Srikunj', F-52, Bali Nagar, Ramesh Nagar Metro Station
_bNew Delhi
_e110015
300 _axxiv, 335 p. :
_c23cm(pbk)
_bill.
500 _aIncludes bibliographical references (p. [320]-325) and index.
600 _aRāmānuja
_d1017-1137
650 _aYoga, Bhakti
650 _aViśiṣṭādvaita.
650 _aHindu philosophy.
700 _aSheshadri, Alamelu
_947529
942 _2ddc
_cEN
_mSRI
_h181.49
999 _c66933
_d66933